[Event "2010 Standard Chess Dropout Tournament, Round 3"]
[Site "SchemingMind.com"]
[Date "2010.07.31"]
[Round "3"]
[White "air666"]
[Black "wayder"]
[Result "0-1"]
[WhiteCountry "GER"]
[BlackCountry "USA"]
[WhiteElo "1500"]
[WhiteRD "102"]
[BlackElo "1939"]
[BlackRD "97"]
[GameID "255896"]

1. e4 e5 2. f4 exf4 3. Nf3 d6 4. d4 g5 5. Bb5+ c6 6. Ba4 h6 7. Nc3 Bg7 8. Qe2 g4 9. Ng1 Qh4+ 10. Kd1 Qg5
11. Qf2 Qh5 12. Bxf4 g3+ 13. Qe2 Bg4 14. Nf3 Bxd4 15. h3 Be5 16. Bxe5 dxe5 17. Nd5 Na6 18. Ke1 Kf8 19. Ne3 Nf6 20. Bxc6 bxc6
21. Qxa6 Bxf3 22. Qa3+ Kg8 23. gxf3 Qxf3 24. Rf1 Qxe4 25. Rxf6 h5 26. Qb3 Rh7 27. Qd3 Qb4+ 28. Qc3 Qe7 29. Rxc6 Qd7 30. Ng2 Qxh3
31. Qf3 Re8 32. Qf1 f5 33. Ne3 Qxf1+ 34. Kxf1 f4 35. Nf5 Rf8 36. Ne7+ Rxe7 37. Rg6+ Kh7 38. Ra6 f3 39. Kg1 e4 40. Rd1 e3
41. Ra3 e2
0-1

[Event "2010 Standard Chess Dropout Tournament, Round 3"]
[Site "SchemingMind.com"]
[Date "2010.07.31"]
[Round "3"]
[White "andu"]
[Black "Fiesty 50"]
[Result "0-1"]
[WhiteCountry "AUT"]
[BlackCountry "ENG"]
[WhiteElo "2098"]
[WhiteRD "69"]
[BlackElo "2209"]
[BlackRD "101"]
[GameID "255897"]

1. e4 c6 2. d4 d5 3. Nc3 dxe4 4. Nxe4 Bf5 5. Ng3 Bg6 6. h4 h6 7. Nf3 Nd7 8. h5 Bh7 9. Bd3 Bxd3 10. Qxd3 e6
11. Bf4 Ngf6 12. O-O-O Be7 13. Kb1 O-O 14. Ne4 Nxe4 15. Qxe4 Nf6 16. Qe3 Nd5 17. Qe5 a5 18. Rh3 Bf6 19. Qe4 a4 20. a3 Nxf4
21. Qxf4 Ra5 22. Rd3 Rd5 23. Qd2 Qc7 24. c4 Rd7 25. Rg3 Ra8 26. Qe3 Ra5 27. Rh3 c5 28. d5 Ra6 29. Rd2 b5 30. cxb5 Rb6
0-1

[Event "2010 Standard Chess Dropout Tournament, Round 3"]
[Site "SchemingMind.com"]
[Date "2010.07.31"]
[Round "3"]
[White "Apocalypse"]
[Black "Gordon"]
[Result "1-0"]
[WhiteCountry "USA"]
[BlackCountry "ENG"]
[WhiteElo "2592"]
[WhiteRD "98"]
[BlackElo "2345"]
[BlackRD "102"]
[GameID "255898"]

1. e4 c5 2. f4 d5 3. exd5 Nf6 4. Bb5+ Bd7 5. Bxd7+ Qxd7 6. c4 e6 7. Nc3 exd5 8. Nf3 Nc6 9. Ne5 Qc7 10. Qa4 dxc4
11. Nb5 Qb6 12. Nxc6 bxc6 13. Na3 Be7 14. Nxc4 Qb5 15. Qc2 O-O 16. O-O Nd5 17. b3 Nb4 18. Qf5 Bf6 19. Bb2 Bxb2 20. Nxb2 Rad8
21. Nc4 Rd5 22. Qg4 Qa6 23. f5 Nc2 24. f6 g6 25. Rab1 Nd4 26. Rbe1 Qxa2 27. Qf4 Nf5 28. g4 Rd4 29. Qf3 Nh4 30. Qe3 Rxg4+
31. Kh1
1-0

[Event "2010 Standard Chess Dropout Tournament, Round 3"]
[Site "SchemingMind.com"]
[Date "2010.08.04"]
[Round "3"]
[White "auxarlier"]
[Black "Stephen Cade"]
[Result "1/2-1/2"]
[WhiteCountry "FRA"]
[BlackCountry "ENG"]
[WhiteElo "2204"]
[WhiteRD "104"]
[BlackElo "2424"]
[BlackRD "82"]
[GameID "255899"]

1. d4 Nf6 2. Bf4 g6 3. Nf3 Bg7 4. e3 d6 5. c3 O-O 6. Bd3 Nbd7 7. h3 Re8 8. Be2 b6 9. O-O Bb7 10. Nbd2 e5
11. Bg3 e4 12. Ne1 Nd5 13. Qa4 a6 14. Nc2 Ne7 15. Bh4 Nf6 16. c4 Nf5 17. Bg5 h6 18. Bf4 g5 19. Bh2 h5 20. Rad1 Qe7
21. d5 g4 22. hxg4 Nxg4 23. Bf4 Bxb2 24. Nxe4 Nfxe3 25. Bxe3 Nxe3 26. Nxe3 Qxe4 27. Bxh5 Qh4 28. Bf3 Be5 29. g3 Qg5 30. Ng4 Bg7
31. Rfe1 Rxe1+ 32. Rxe1 Rf8 33. Qd7 Bc8 34. Qe7 Qd2 35. Re2 Qc1+ 36. Kg2 f5 37. Ne3 Qc3 38. Qg5=
1/2-1/2

[Event "2010 Standard Chess Dropout Tournament, Round 3"]
[Site "SchemingMind.com"]
[Date "2010.07.31"]
[Round "3"]
[White "BigB"]
[Black "pjl1015"]
[Result "0-1"]
[WhiteCountry "SVK"]
[BlackCountry "USA"]
[WhiteElo "2459"]
[WhiteRD "96"]
[BlackElo "2478"]
[BlackRD "112"]
[GameID "255900"]

1. e4 c5 2. Nf3 Nc6 3. Bb5 g6 4. c3 Nf6 5. Qa4 Bg7 6. O-O Qb6 7. Na3 O-O 8. Nc4 Qc7 9. d3 d6 10. Bxc6 bxc6
11. Re1 Nd7 12. Bf4 e5 13. Be3 Rb8 14. b3 Nb6 15. Qa5 Bg4 16. Nfd2 d5 17. exd5 cxd5 18. Bxc5 dxc4 19. Bxf8 Rxf8 20. dxc4 Rc8
21. Ne4 Be6 22. Rad1 Bf8 23. Ng5 Bd7 24. h4 Qc6 25. Ne4 f5 26. Ng3 e4 27. h5 Qc7 28. hxg6 hxg6 29. Ne2 Kf7 30. Nd4 Bc5
31. Nc2 Be6 32. Nd4 Rh8 33. Kf1 Kf6 34. Ke2 Rh2 35. Nxe6 Kxe6 36. Qb5 Rxg2 37. Qe8+ Kf6 38. Qh8+ Kg5 39. Rg1 Qg3 40. Rxg2 Qxg2
41. Rf1 Nd7 42. Qh1 Qg4+ 43. f3 Qf4 44. Qg2+ Kf6
0-1

[Event "2010 Standard Chess Dropout Tournament, Round 3"]
[Site "SchemingMind.com"]
[Date "2010.08.03"]
[Round "3"]
[White "Brennan Price"]
[Black "paradox"]
[Result "1/2-1/2"]
[WhiteCountry "USA"]
[BlackCountry "GER"]
[WhiteElo "2134"]
[WhiteRD "91"]
[BlackElo "2078"]
[BlackRD "135"]
[GameID "255901"]

1. e4 e6 2. d4 d5 3. exd5 exd5 4. Nf3 Bg4 5. h3 Bh5 6. Qe2+ Qe7 7. Be3 Nc6 8. Nc3 O-O-O 9. g4 Bg6 10. O-O-O Nb4
11. Bg2 f6 12. Ne1 c6 13. a3 Na6 14. Nd3 Qc7 15. f4 Bd6 16. f5 Bf7 17. Kb1 Ne7 18. Qf2 Kb8 19. h4 Nc8 20. Bf4 Rhe8
21. Rde1 Bxf4 22. Nxf4 Nd6 23. g5 Rxe1+ 24. Rxe1 fxg5 25. hxg5 Nxf5 26. Nfxd5 Qg3 27. Qxg3+ Nxg3 28. Ne7 Rxd4 29. Bxc6 Nc7 30. Bf3 Rf4
31. Bg2=
1/2-1/2

[Event "2010 Standard Chess Dropout Tournament, Round 3"]
[Site "SchemingMind.com"]
[Date "2010.08.03"]
[Round "3"]
[White "Buckaroo Bob"]
[Black "Trener"]
[Result "0-1"]
[WhiteCountry "USA"]
[BlackCountry "PAR"]
[WhiteElo "2006"]
[WhiteRD "105"]
[BlackElo "2287"]
[BlackRD "104"]
[GameID "255902"]

1. c4 Nf6 2. Nc3 e5 3. Nf3 Nc6 4. a3 g6 5. g3 Bg7 6. Bg2 d6 7. d4 exd4 8. Nxd4 Bd7 9. O-O O-O 10. Nc2 Qc8
11. Re1 Bh3 12. Bh1 Re8 13. Ne3 Qd7 14. Bd2 Nd4 15. Rb1 c6 16. b4 Rac8 17. Bc1 Ng4 18. Nxg4 Bxg4 19. Qd2 d5 20. cxd5 cxd5
21. Nxd5 Nxe2+ 22. Kf1 Bh3+ 23. Bg2 Qb5 24. Bxh3 Nd4+
0-1

[Event "2010 Standard Chess Dropout Tournament, Round 3"]
[Site "SchemingMind.com"]
[Date "2010.08.03"]
[Round "3"]
[White "bull mccabe"]
[Black "Brennan Price"]
[Result "0-1"]
[WhiteCountry "IRL"]
[BlackCountry "USA"]
[WhiteElo "1848"]
[WhiteRD "110"]
[BlackElo "2176"]
[BlackRD "90"]
[GameID "255903"]

1. e4 e5 2. Nf3 Nc6 3. Bb5 a6 4. Ba4 Nf6 5. O-O Nxe4 6. d4 b5 7. Bb3 d5 8. dxe5 Be6 9. Nbd2 Nc5 10. c3 d4
11. Ng5 Qxg5 12. Qf3 O-O-O 13. Bxe6+ fxe6 14. Qxc6 Qxe5 15. Nf3 Qd5 16. Qxd5 Rxd5 17. Nxd4 Bd6 18. Be3 Kd7 19. Rad1 Na4 20. Bc1 c5
21. Nf3 Rf8 22. Ng5 Be7 23. Nxh7 Rh8 24. Ng5 Bxg5 25. Rxd5+ exd5 26. Bxg5 Nxb2 27. Re1 Re8 28. Kf1 Rxe1+ 29. Kxe1 a5 30. Ke2 b4
31. cxb4 axb4 32. Kd2 c4 33. Be3 Kc6 34. Bd4 c3+ 35. Kc2 g6 36. h4 Kb5 37. g4 Kc4 38. h5 gxh5 39. gxh5 Kxd4 40. h6 Kc4
0-1

[Event "2010 Standard Chess Dropout Tournament, Round 3"]
[Site "SchemingMind.com"]
[Date "2010.08.03"]
[Round "3"]
[White "C. H. O'D. Schlechter"]
[Black "n_antonov"]
[Result "1/2-1/2"]
[WhiteCountry "USA"]
[BlackCountry "BUL"]
[WhiteElo "2398"]
[WhiteRD "93"]
[BlackElo "2297"]
[BlackRD "102"]
[GameID "255904"]

1. e4 e5 2. Nf3 Nc6 3. Bc4 Bc5 4. b4 Bxb4 5. c3 Be7 6. d4 Na5 7. Be2 d6 8. Qa4+ c6 9. dxe5 dxe5 10. Nxe5 Nf6
11. O-O O-O 12. Rd1 Qb6 13. Nd2 Rd8 14. Ba3 Bxa3 15. Qxa3 Be6 16. Nef3 Qc7 17. Nd4 Bd7 18. f3 b6= 19. N2b3 c5 20. Nb5 Bxb5
21. Bxb5 Nc6 22. Bxc6 Qxc6=
1/2-1/2

[Event "2010 Standard Chess Dropout Tournament, Round 3"]
[Site "SchemingMind.com"]
[Date "2010.08.03"]
[Round "3"]
[White "John M. Sargent"]
[Black "wilfried"]
[Result "1/2-1/2"]
[WhiteCountry "ENG"]
[BlackCountry "GER"]
[WhiteElo "2325"]
[WhiteRD "100"]
[BlackElo "2416"]
[BlackRD "116"]
[GameID "255905"]

1. d4 d5 2. c4 c6 3. Nf3 Nf6 4. Nc3 dxc4 5. e3 b5 6. a4 b4 7. Na2 e6 8. Bxc4 Bb7 9. O-O Nbd7 10. b3 Bd6
11. Bb2 Qe7 12. Nc1 c5 13. dxc5 Nxc5 14. Bb5+ Nfd7 15. Nd3 O-O 16. Nxb4 Nxb3 17. Qxb3 Bxf3 18. gxf3 Qg5+ 19. Kh1 Qh5 20. f4 Qf3+=
1/2-1/2

[Event "2010 Standard Chess Dropout Tournament, Round 3"]
[Site "SchemingMind.com"]
[Date "2010.08.03"]
[Round "3"]
[White "Chess Tiger"]
[Black "saxon"]
[Result "1/2-1/2"]
[WhiteCountry "GER"]
[BlackCountry "GER"]
[WhiteElo "2390"]
[WhiteRD "103"]
[BlackElo "2463"]
[BlackRD "109"]
[GameID "255906"]

1. d4 Nf6 2. c4 e6 3. Nf3 b6 4. g3 Ba6 5. b3 Bb4+ 6. Bd2 Be7 7. Bg2 c6 8. Bc3 d5 9. Ne5 Nfd7 10. Nxd7 Nxd7
11. Nd2 O-O 12. O-O Rc8 13. e4 c5 14. exd5 exd5 15. dxc5 dxc4 16. c6 cxb3 17. Re1 b2 18. Bxb2 Nc5 19. Nc4 Bxc4 20. Qg4 Bg5
21. Qxc4 Nd3 22. Be5 Nxe1 23. Rxe1 Bf6 24. Bxf6 Qxf6 25. c7 Qd6 26. Rc1 b5 27. Qc2 g6 28. Bb7 b4 29. Kf1 Kg7 30. h4 Rfe8
31. Kg2 a5=
1/2-1/2

[Event "2010 Standard Chess Dropout Tournament, Round 3"]
[Site "SchemingMind.com"]
[Date "2010.08.03"]
[Round "3"]
[White "Chess_Man01"]
[Black "The Stonewall"]
[Result "0-1"]
[WhiteCountry "GBR"]
[BlackCountry "ENG"]
[WhiteElo "2117"]
[WhiteRD "85"]
[BlackElo "2252"]
[BlackRD "92"]
[GameID "255907"]

1. e4 e6 2. d4 d5 3. Nc3 Bb4 4. e5 b6 5. a3 Bf8 6. Nf3 Ne7 7. Bd3 Ba6 8. Bxa6 Nxa6 9. O-O c5 10. Nb5 Nc6
11. c4 cxd4 12. Nfxd4 Nxd4 13. Qxd4 Qd7 14. Rd1 Rc8 15. Be3 Nc5 16. Rab1 a6 17. Nc3 dxc4 18. Qxc4 Qb7 19. Rd2 b5 20. Qg4 Nd7
21. Ne4 Rc4 22. Rbd1 h5 23. Qf3 Rc7 24. Bg5 Qb8 25. Qf4 Qc8 26. Bf6 Rg8 27. Bh4 Rb7
0-1

[Event "2010 Standard Chess Dropout Tournament, Round 3"]
[Site "SchemingMind.com"]
[Date "2010.08.03"]
[Round "3"]
[White "chesshub"]
[Black "startstek"]
[Result "1-0"]
[WhiteCountry "FRA"]
[BlackCountry "ALG"]
[WhiteElo "2466"]
[WhiteRD "71"]
[BlackElo "2005"]
[BlackRD "91"]
[GameID "255908"]

1. e4 e5 2. Nf3 Nc6 3. Bb5 a6 4. Ba4 Nf6 5. O-O Be7 6. Re1 b5 7. Bb3 d6 8. c3 O-O 9. h3 Na5 10. Bc2 c5
11. d4 Qc7 12. Nbd2 cxd4 13. cxd4 Nc6 14. Nb3 a5 15. Be3 a4 16. Nbd2 Bd7 17. Rc1 Qb7 18. Qe2 Rfe8 19. a3 Bd8 20. d5 Ne7
21. Bd3 Ng6 22. Rc2 Nh5 23. g3 Nf6 24. Rec1 Rb8 25. Rb1 h6 26. b3 axb3 27. Rxb3 Qa6 28. Rcb2 Nh7 29. Bxb5 Bxb5 30. Rxb5 Rxb5
31. Qxb5 Qxb5 32. Rxb5 Be7 33. a4 Ra8 34. a5 Bf8 35. Nc4 Be7 36. Rb7 Nf6 37. Nfd2 Ne8 38. Nb6 Ra6 39. Rb8
1-0

[Event "2010 Standard Chess Dropout Tournament, Round 3"]
[Site "SchemingMind.com"]
[Date "2010.07.30"]
[Round "3"]
[White "chessjohn"]
[Black "marble"]
[Result "0-1"]
[WhiteCountry "NED"]
[BlackCountry "ENG"]
[WhiteElo "1654"]
[WhiteRD "109"]
[BlackElo "1818"]
[BlackRD "67"]
[GameID "255909"]

1. d4 Nf6 2. Nf3 d5 3. Bg5 e6 4. Nbd2 Be7 5. c3 O-O 6. h4 c5 7. e3 cxd4 8. exd4 h6 9. Bf4 Ng4 10. Ne5 Nxe5
11. dxe5 Qb6 12. Qc2 Bc5 13. Nf3 Nd7 14. g4 f6 15. g5 fxg5 16. Bxg5 Rxf3 17. O-O-O hxg5 18. hxg5 Rxf2 19. Be2 Nxe5 20. Qh7+ Kf7
21. g6+ Nxg6 22. Qh5 Be3+ 23. Kb1 e5 24. Rhg1 Bf5+
0-1

[Event "2010 Standard Chess Dropout Tournament, Round 3"]
[Site "SchemingMind.com"]
[Date "2010.08.03"]
[Round "3"]
[White "CuriousShadow"]
[Black "Theodoric"]
[Result "0-1"]
[WhiteCountry "USA"]
[BlackCountry "ENG"]
[WhiteElo "1979"]
[WhiteRD "132"]
[BlackElo "2056"]
[BlackRD "80"]
[GameID "255910"]

1. d4 Nf6 2. c4 c5 3. Nf3 cxd4 4. Nxd4 e6 5. g3 Bb4+ 6. Nc3 Ne4 7. Qd3 Bxc3+ 8. bxc3 Nc5 9. Qf3 d6 10. Bg2 Nbd7
11. O-O Ne5 12. Qf4 O-O 13. Nb3 Qc7 14. Rd1 Na4 15. Ba3 Nxc3 16. Qd2 Nxd1
0-1

[Event "2010 Standard Chess Dropout Tournament, Round 3"]
[Site "SchemingMind.com"]
[Date "2010.08.02"]
[Round "3"]
[White "Danzino"]
[Black "Zerstörer"]
[Result "1-0"]
[WhiteCountry "GBR"]
[BlackCountry "ITA"]
[WhiteElo "2020"]
[WhiteRD "113"]
[BlackElo "1900"]
[BlackRD "107"]
[GameID "255911"]

1. c4 e5 2. g3 Nf6 3. Bg2 c6 4. d4 exd4 5. Qxd4 d5 6. cxd5 cxd5 7. Nf3 Nc6 8. Qa4 Bb4+ 9. Bd2 Be7 10. O-O O-O
11. Be3 Be6 12. Nc3 a6 13. Nd4 Nxd4 14. Bxd4 Rc8 15. Qb3 b5 16. Rfd1 Qd7 17. Bxf6 Bxf6 18. Nxd5 Bxd5 19. Rxd5 Qe7 20. e3 Rfd8
21. Rad1 g6 22. Rxd8+ Rxd8 23. Rxd8+ Qxd8 24. Bd5 Qc7 25. Kg2 Bg7 26. f4 Qd7 27. h3 Kf8 28. e4 Kg8 29. e5 Kf8 30. Qb4+ Ke8
31. Qc5 Bf8 32. Qc6 Qxc6 33. Bxc6+ Ke7 34. b4 Ke6 35. Bb7 Bxb4 36. Bxa6 f6 37. exf6 Kxf6 38. Bxb5 g5 39. fxg5+ Kxg5 40. h4+ Kf6
41. Kf3 Be1 42. a4 h6 43. h5 Kg5 44. g4 Ba5 45. Bd7
1-0

[Event "2010 Standard Chess Dropout Tournament, Round 3"]
[Site "SchemingMind.com"]
[Date "2010.08.03"]
[Round "3"]
[White "echecs"]
[Black "chessjohn"]
[Result "1-0"]
[WhiteCountry "ENG"]
[BlackCountry "NED"]
[WhiteElo "1865"]
[WhiteRD "61"]
[BlackElo "1654"]
[BlackRD "109"]
[GameID "255913"]

1. e4 d5 2. exd5 Qxd5 3. Nc3 Qa5 4. d4 Nf6 5. Nf3 Bf5 6. Bc4 e6 7. Bd2 c6 8. Qe2 Be7 9. O-O Qc7 10. Ne5 Nbd7
11. Bf4 Nxe5 12. Bxe5 Qb6 13. b3 O-O 14. a4 Rad8 15. Rfc1 Nd5 16. Nxd5 cxd5 17. Bb5 a6 18. Bd3 Bxd3 19. Qxd3 Bd6 20. Bxd6 Qxd6
21. Re1 Rc8 22. Rac1 Rc7 23. Re3 Rfc8 24. Rh3 g6 25. Qd2 f5 26. Re3 Rg7 27. g3 g5 28. Re5 h6 29. Rce1 Re8 30. f4 g4
31. Rxf5 exf5 32. Rxe8+ Kf7 33. Re5 Kf6 34. Qa5 Rd7 35. Qc3 Rc7 36. Qd3
1-0

[Event "2010 Standard Chess Dropout Tournament, Round 3"]
[Site "SchemingMind.com"]
[Date "2010.08.02"]
[Round "3"]
[White "Faloan"]
[Black "Buckaroo Bob"]
[Result "0-1"]
[WhiteCountry "GER"]
[BlackCountry "USA"]
[WhiteElo "2139"]
[WhiteRD "109"]
[BlackElo "2006"]
[BlackRD "105"]
[GameID "255914"]

1. e4 c5 2. Nf3 d6 3. d4 cxd4 4. Nxd4 Nf6 5. Nc3 Nc6 6. Bg5 Qb6 7. Nb3 e6 8. Qd2 a6 9. Bxf6 gxf6 10. O-O-O Bd7
11. f4 O-O-O 12. Be2 h5 13. Rhf1 Be7 14. Rf3 Rdg8 15. Bf1 Kb8 16. Kb1 h4 17. Qe1 Rh5 18. Rh3 Rgh8 19. Nd2 d5 20. Be2 R5h6
21. exd5 Nd4 22. Rd3 Nxe2 23. Qxe2 Bb4 24. Nb3 Bxc3 25. Rxc3 exd5 26. Rxd5 Bc6 27. Rd1 Re8 28. Qd2 Rg6 29. g3 Reg8 30. Nd4 Be4
31. Qe1 f5 32. Nxf5 Re6 33. Ne3 hxg3 34. hxg3 Bf3 35. Rdd3 Rh8
0-1

[Event "2010 Standard Chess Dropout Tournament, Round 3"]
[Site "SchemingMind.com"]
[Date "2010.07.31"]
[Round "3"]
[White "Fiesty 50"]
[Black "pawngrabber"]
[Result "1-0"]
[WhiteCountry "ENG"]
[BlackCountry "ENG"]
[WhiteElo "2228"]
[WhiteRD "96"]
[BlackElo "1914"]
[BlackRD "79"]
[GameID "255915"]

1. e4 d6 2. d4 Nf6 3. Nc3 g6 4. g3 Bg7 5. Bg2 O-O 6. Nge2 e5 7. h3 Nc6 8. Be3 Re8 9. d5 Ne7 10. Qd2 c6
11. dxc6 Nxc6 12. O-O-O Qa5 13. Qxd6 Bf8 14. Qxf6
1-0

[Event "2010 Standard Chess Dropout Tournament, Round 3"]
[Site "SchemingMind.com"]
[Date "2010.08.01"]
[Round "3"]
[White "Gordon"]
[Black "Chess Tiger"]
[Result "0-1"]
[WhiteCountry "ENG"]
[BlackCountry "GER"]
[WhiteElo "2315"]
[WhiteRD "103"]
[BlackElo "2411"]
[BlackRD "102"]
[GameID "255917"]

1. d4 Nf6 2. c4 e6 3. g3 d5 4. Nf3 dxc4 5. Bg2 a6 6. O-O Nc6 7. Qa4 b5 8. Qc2 Bb7 9. Nc3 Be7 10. Bg5 O-O
11. Rfd1 Qe8 12. Bxf6 Bxf6 13. Ne4 Be7 14. Neg5 g6 15. b3 Nb4 16. Qc1 cxb3 17. axb3 Rc8 18. Qd2 h6 19. Nh3 g5 20. Ne5 Bxg2
21. Kxg2 c5 22. dxc5 Rxc5 23. Qxb4 Rxe5 24. Qd2 Qc6+ 25. f3 Rd8 26. Qb2 Rxd1 27. Rxd1 Re3 28. Kf1 Qc3 29. Rb1 Qxb2 30. Rxb2 a5
31. Nf2 Rc3 32. Ke1 Bf6 33. Rb1 Rc8 34. Kd2 a4 35. Ne4 Be5 36. bxa4 bxa4 37. Rc1 Rd8+ 38. Kc2 Rb8 39. Nc3 a3 40. Kd2 Rd8+
41. Kc2 Rc8 42. Kb3 Kg7 43. Na2 Rb8+ 44. Ka4 Rb2 45. Kxa3 Rxe2 46. Rh1 f5 47. Nc1 Re3+
0-1

[Event "2010 Standard Chess Dropout Tournament, Round 3"]
[Site "SchemingMind.com"]
[Date "2010.08.03"]
[Round "3"]
[White "jacekp_05"]
[Black "echecs"]
[Result "1-0"]
[WhiteCountry "POL"]
[BlackCountry "ENG"]
[WhiteElo "1948"]
[WhiteRD "120"]
[BlackElo "1809"]
[BlackRD "62"]
[GameID "255918"]

1. e4 e5 2. Nf3 Nf6 3. Nc3 Nc6 4. Bc4 Nxe4 5. Bxf7+ Kxf7 6. Nxe4 d5 7. Neg5+ Kg8 8. d3 h6 9. Nh3 Bb4+ 10. Bd2 Bc5
11. Qe2 Bg4 12. c3 Qf6 13. Nhg1 Re8 14. O-O-O Kh7 15. h3 Bf5 16. g4 Bg6 17. h4 Rhf8 18. h5 Bf7 19. g5 Qd6 20. g6+ Bxg6
21. hxg6+ Qxg6 22. Nh4 Qd6 23. f3 b5 24. Qg2 d4 25. Ne2 Re7 26. Ng3 Ref7 27. Ne4 Qd5 28. Qg6+ Kg8 29. Bxh6 Qxa2 30. Nf6+
1-0

[Event "2010 Standard Chess Dropout Tournament, Round 3"]
[Site "SchemingMind.com"]
[Date "2010.07.31"]
[Round "3"]
[White "Sebastian Strauchler"]
[Black "michalis"]
[Result "1-0"]
[WhiteCountry "ARG"]
[BlackCountry "GRE"]
[WhiteElo "2191"]
[WhiteRD "114"]
[BlackElo "2007"]
[BlackRD "80"]
[GameID "255919"]

1. e4 c5 2. Nf3 d6 3. c3 Nf6 4. Be2 g6 5. O-O Bg7 6. Re1 O-O 7. Bf1 Nc6 8. h3 e5 9. d3 h6 10. Nbd2 Be6
11. a3 Qc7 12. b4 Rfd8 13. Bb2 Nd7 14. Rc1 Rac8 15. d4 exd4 16. cxd4
1-0

[Event "2010 Standard Chess Dropout Tournament, Round 3"]
[Site "SchemingMind.com"]
[Date "2010.08.03"]
[Round "3"]
[White "jonjenson"]
[Black "sthorwall"]
[Result "0-1"]
[WhiteCountry "ENG"]
[BlackCountry "USA"]
[WhiteElo "1780"]
[WhiteRD "87"]
[BlackElo "2208"]
[BlackRD "96"]
[GameID "255920"]

1. Na3 Nf6 2. c3 e5 3. Nc2 d5 4. e3 Nc6 5. Bb5 Bd6 6. d4 O-O 7. Qe2 Bg4 8. Qf1 Qe7 9. h3 Bf5 10. Bd3 Ne4
11. Bxe4 Bxe4 12. Qe2 exd4 13. Nxd4 Bxg2 14. Nf5 Qf6 15. Nxd6 Qxd6 16. Bd2 Bxh1 17. O-O-O Be4 18. f3 Bg6 19. f4 Rfe8
0-1

[Event "2010 Standard Chess Dropout Tournament, Round 3"]
[Site "SchemingMind.com"]
[Date "2010.08.03"]
[Round "3"]
[White "joralx3"]
[Black "chesshub"]
[Result "1-0"]
[WhiteCountry "ARG"]
[BlackCountry "FRA"]
[WhiteElo "2577"]
[WhiteRD "114"]
[BlackElo "2466"]
[BlackRD "71"]
[GameID "255921"]

1. e4 e5 2. Nf3 Nc6 3. Bb5 a6 4. Ba4 Nf6 5. O-O Be7 6. Re1 b5 7. Bb3 O-O 8. h3 Bb7 9. d3 d6 10. a3 Na5
11. Ba2 c5 12. Nbd2 Nc6 13. Nf1 Bc8 14. Ne3 Be6 15. Bd5 Qd7 16. c3 Bd8 17. b4 cxb4 18. Bxe6 fxe6 19. axb4 d5 20. Qb3 Bb6
21. Ng4 Nxg4 22. hxg4 Qd6 23. exd5 exd5 24. Be3 Ba7 25. Bxa7 Rxa7 26. Ra2 Kh8 27. Rae2 Re7 28. Qa2 Ra8 29. Re3 g6 30. Qe2 Rae8
31. Qd2 Kg7 32. Ra1 Ra8 33. g5 Rc7 34. Rae1 Re7 35. Qe2 Rae8 36. Qa2 d4 37. cxd4 exd4 38. Rxe7+ Rxe7 39. Rxe7+ Nxe7 40. Qa1 Nf5
41. Qb2 Qf4 42. Qe2 Qc1+ 43. Kh2 Qc7+ 44. Kh3 Qd6 45. Qe5+ Qxe5 46. Nxe5 Ne7 47. Kg3 Nd5 48. Nc6 Kf7 49. f4 Ke6 50. Nxd4+ Kd7
51. Nc2 Kd6 52. Kf3 Ne7 53. Ke4 Nc6 54. g4 Ne7 55. f5 Nc6 56. d4
1-0

[Event "2010 Standard Chess Dropout Tournament, Round 3"]
[Site "SchemingMind.com"]
[Date "2010.08.03"]
[Round "3"]
[White "khayman"]
[Black "Uzi Mike"]
[Result "1-0"]
[WhiteCountry "ENG"]
[BlackCountry "USA"]
[WhiteElo "2370"]
[WhiteRD "102"]
[BlackElo "2297"]
[BlackRD "73"]
[GameID "255922"]

1. b4 e5 2. Bb2 Bxb4 3. Bxe5 Nf6 4. Nf3 Nc6 5. Bb2 d5 6. e3 O-O 7. a3 Bd6 8. c4 dxc4 9. Bxc4 Na5 10. Ba2 b6
11. Qc2 h6 12. Nc3 Bb7 13. O-O c5 14. d3 Bxf3 15. gxf3 Qc8 16. Ne4 Nxe4 17. dxe4 Qh3 18. e5 Bc7 19. Qe4 Rfe8 20. Kh1 c4
21. Rg1 Rad8 22. f4 Qe6 23. Bb1 g6 24. Qf3 Qd5 25. Be4 Qd2 26. Bxg6 Kf8 27. Bxf7 Re7 28. Qh5 Rxf7 29. Rad1
1-0

[Event "2010 Standard Chess Dropout Tournament, Round 3"]
[Site "SchemingMind.com"]
[Date "2010.07.30"]
[Round "3"]
[White "marble"]
[Black "Danzino"]
[Result "0-1"]
[WhiteCountry "ENG"]
[BlackCountry "GBR"]
[WhiteElo "1786"]
[WhiteRD "74"]
[BlackElo "2037"]
[BlackRD "115"]
[GameID "255923"]

1. e4 g6 2. d4 Bg7 3. Nc3 d6 4. f4 a6 5. Nf3 b5 6. Bd3 Nd7 7. O-O c5 8. dxc5 Nxc5 9. Be3 Bb7 10. e5 Nxd3
11. cxd3 Nh6 12. h3 Nf5 13. Bf2 dxe5 14. fxe5 O-O 15. d4 Bxf3 16. gxf3 Qd7 17. Ne4 Rfd8 18. Nc5 Qd5 19. Nb3 Rac8 20. Re1 e6
21. Qe2 Rc7 22. Rec1 Rdc8 23. Rxc7 Rxc7 24. Qd1 Bf8 25. Rc1 Rc4 26. Rxc4 Qxc4 27. Na5= Qxa2 28. Qd2 Qa4 29. Kh2 Bb4 30. Qc1 Qxa5
31. d5 exd5 32. Qc8+ Kg7 33. e6 fxe6 34. Qxe6 Qc7+ 35. Kg2 d4 36. Qb3 Be7 37. Qd3 Bh4 38. Bxd4+ Nxd4 39. Qxd4+ Bf6 40. Qd2 a5
41. b3 a4 42. bxa4 bxa4 43. Qb4 Qa7 44. Qa3 Qd4 45. Qc1 Qb2+ 46. Qxb2 Bxb2
0-1

[Event "2010 Standard Chess Dropout Tournament, Round 3"]
[Site "SchemingMind.com"]
[Date "2010.08.03"]
[Round "3"]
[White "Midlander"]
[Black "pattSir"]
[Result "0-1"]
[WhiteCountry "ENG"]
[BlackCountry "GER"]
[WhiteElo "2214"]
[WhiteRD "68"]
[BlackElo "2450"]
[BlackRD "141"]
[GameID "255925"]

1. Nf3 Nf6 2. g3 c6 3. Bg2 d5 4. O-O Bf5 5. d3 e6 6. Nbd2 h6 7. Qe1 Be7 8. e4 Bh7 9. Qe2 O-O 10. b3 a5
11. a3 Na6 12. Bb2 Nd7 13. e5 b5 14. Nd4 Qb6 15. f4 c5 16. N4f3 Nc7 17. Rfe1 a4 18. Kh1 Rfe8 19. h3 Nb8 20. Qe3= Nc6
21. Qf2 Reb8 22. Bf1 Qb7 23. Kh2 Ra6 24. Kg1 d4 25. Ne4 Qa7 26. Nd6 axb3 27. cxb3 b4 28. a4 Bxd6 29. exd6 Nd5 30. Bc1 Nc3
31. Nd2 Na5 32. Bb2 Rxd6 33. Re5 Re8 34. Rae1 f6 35. Rh5 Bg6 36. Rh4 e5
0-1

[Event "2010 Standard Chess Dropout Tournament, Round 3"]
[Site "SchemingMind.com"]
[Date "2010.08.02"]
[Round "3"]
[White "montinskij"]
[Black "mirari"]
[Result "1-0"]
[WhiteCountry "USA"]
[BlackCountry "ENG"]
[WhiteElo "2143"]
[WhiteRD "144"]
[BlackElo "1869"]
[BlackRD "171"]
[GameID "255927"]

1. e4 e5 2. Nf3 Nc6 3. d4 exd4 4. Nxd4 Qh4 5. Nc3 Bb4 6. Be2 Qxe4 7. Nb5 Bxc3+ 8. bxc3 Kd8 9. O-O Nf6 10. Re1 d6
11. Bf3 Qf5 12. Rb1 Ne5 13. Be2 Qe4 14. Nd4 Qd5 15. c4 Nxc4 16. Bf3 Qa5 17. Rxb7 Bd7 18. Nb3 Qc3 19. Nd2 Ne5 20. Bb2 Nxf3+
21. Nxf3 Qc4 22. Bxf6+ gxf6 23. Qa1 Kc8 24. Rb3 Qf4 25. Qc3 Rg8 26. g3 Qf5 27. Nd4 Qd5 28. Qd3 Rg6 29. c4 Qh5 30. Qe4 d5
31. Qe7 Rg8 32. Qb4 Kd8 33. Qb7 Rc8 34. Nc6+ Bxc6 35. Qxc6
1-0